[Event "BCF-chT3N 1819 (4NCL)"]
[Site "England"]
[Date "2019.05.05"]
[Round "10.21"]
[White "Clarke, Stuart"]
[Black "Turner, John M"]
[Result "1-0"]
[WhiteElo "2208"]
[BlackElo "1990"]
[PlyCount "67"]
[EventDate "2018.11.10"]
[EventType "team-swiss"]
[EventRounds "11"]
[EventCountry "ENG"]
[SourceTitle "EXT 2021"]
[Source "ChessBase"]
[SourceDate "2020.10.23"]
[SourceVersion "1"]
[SourceVersionDate "2020.10.23"]
[SourceQuality "1"]
[WhiteTeam "3CS Oldham II"]
[BlackTeam "Holmes Chapel"]
[WhiteTeamCountry "ENG"]
[BlackTeamCountry "ENG"]

1. e4 d5 2. exd5 Qxd5 3. Nf3 Bg4 4. Be2 Nc6 5. d4 0-0-0 6. Be3 e5 7. c4 Qa5+ 8. Bd2 Bb4 9. d5 Bxf3 10. Bxf3 Nd4 11. Nc3 Nf6 12. 0-0 Qc5 13. b3 Rhe8 14. a3 Bxa3 15. Be3 Bb4 16. Nb5 a6 17. Nxd4 exd4 18. Bxd4 Qd6 19. Qd3 c5 20. Bb2 g6 21. g3 Nd7 22. Bg2 Ne5 23. Qc2 f5 24. Rad1 Rf8 25. Bc1 Qf6 26. f4 Nf7 27. Bb2 Qd6 28. Rf3 Rfe8 29. Qf2 Re7 30. Re3 Rde8 31. Rdd3 h5 32. Qf3 Kd7 33. Re6 Qc7 34. d6 1-0

[Event "BCF-chT3N 1819 (4NCL)"]
[Site "England"]
[Date "2019.02.09"]
[Round "5.31"]
[White "Collins, Richard Arnold"]
[Black "Clarke, Stuart"]
[Result "0-1"]
[WhiteElo "1930"]
[BlackElo "2198"]
[PlyCount "52"]
[EventDate "2018.11.10"]
[EventType "team-swiss"]
[EventRounds "11"]
[EventCountry "ENG"]
[SourceTitle "EXT 2021"]
[Source "ChessBase"]
[SourceDate "2020.10.23"]
[SourceVersion "1"]
[SourceVersionDate "2020.10.23"]
[SourceQuality "1"]
[WhiteTeam "Manchester Manticores III"]
[BlackTeam "3CS Oldham II"]
[WhiteTeamCountry "ENG"]
[BlackTeamCountry "ENG"]

1. e4 e6 2. d4 d5 3. exd5 exd5 4. Bd3 Nc6 5. Be3 Bd6 6. h3 Nge7 7. Nf3 Bf5 8. Nc3 Qd7 9. a3 a6 10. Qd2 f6 11. Bxf5 Qxf5 12. Ne2 g5 13. 0-0-0 0-0-0 14. Ne1 Rde8 15. Nc3 b6 16. Qd3 Qxd3 17. Nxd3 Na5 18. Nb4 Bxb4 19. axb4 Nac6 20. b5 axb5 21. Nxb5 Nf5 22. Nc3 Nb4 23. Rde1 Re6 24. g3 Rhe8 25. Kd2 c5 26. Nb5 cxd4 0-1

[Event "Telford 4NCL op-A 19th"]
[Site "Telford"]
[Date "2018.07.15"]
[Round "4"]
[White "Kalavannan, Koby"]
[Black "Clarke, Stuart"]
[Result "1-0"]
[WhiteElo "2277"]
[BlackElo "2225"]
[PlyCount "57"]
[EventDate "2018.07.13"]
[EventType "swiss"]
[EventRounds "5"]
[EventCountry "ENG"]
[SourceTitle "CBM 185 Extra"]
[Source "ChessBase"]
[SourceDate "2018.07.29"]
[SourceVersion "1"]
[SourceVersionDate "2018.07.29"]
[SourceQuality "1"]

1. d4 e6 2. c4 Nf6 3. Nf3 Bb4+ 4. Nbd2 d6 5. a3 Bxd2+ 6. Qxd2 a5 7. b3 Nbd7 8. Bb2 0-0 9. Rd1 Qe7 10. Qc2 Re8 11. e4 e5 12. d5 Nc5 13. Nd2 Bd7 14. g3 Reb8 15. a4 c6 16. Bg2 cxd5 17. exd5 Bg4 18. f3 Bh5 19. 0-0 Qc7 20. Kh1 Qb6 21. Qc3 Bg6 22. f4 exf4 23. gxf4 Re8 24. f5 Bh5 25. Rde1 Be2 26. Rg1 Kf8 27. Qg3 Nh5 28. Bxg7+ Nxg7 29. Bf3 1-0

[Event "Telford 4NCL op-A 19th"]
[Site "Telford"]
[Date "2018.07.14"]
[Round "3"]
[White "Clarke, Stuart"]
[Black "Seymour, Timothy P"]
[Result "1-0"]
[WhiteElo "2225"]
[BlackElo "2035"]
[PlyCount "87"]
[EventDate "2018.07.13"]
[EventType "swiss"]
[EventRounds "5"]
[EventCountry "ENG"]
[SourceTitle "CBM 185 Extra"]
[Source "ChessBase"]
[SourceDate "2018.07.29"]
[SourceVersion "1"]
[SourceVersionDate "2018.07.29"]
[SourceQuality "1"]

1. e4 e5 2. Nf3 Nc6 3. Bc4 Bc5 4. c3 Nf6 5. d3 0-0 6. 0-0 d5 7. exd5 Nxd5 8. Re1 Bg4 9. h3 Bh5 10. Nbd2 Nb6 11. Ne4 Nxc4 12. Nxc5 Qd5 13. dxc4 Qxc5 14. Qd5 Qd6 15. Nxe5 Rfe8 16. Bf4 Nxe5 17. Rxe5 Rxe5 18. Qxe5 Qxe5 19. Bxe5 Rc8 20. g4 Bg6 21. Rd1 f6 22. Bf4 Bf7 23. b3 Be6 24. Kg2 Kf7 25. Be3 Ke7 26. Bxa7 c5 27. a4 Bf7 28. a5 h5 29. f4 hxg4 30. hxg4 g5 31. f5 Be8 32. Kg3 Bf7 33. Bb6 Bg8 34. Kf3 Bf7 35. Ke4 Bg8 36. Rh1 Bf7 37. Rh7 Kf8 38. Rh8+ Bg8 39. Rxg8+ Kxg8 40. Kd5 Kf7 41. Bxc5 Re8 42. Kd6 Re4 43. Kc7 Rxg4 44. Kxb7 1-0

[Event "Telford 4NCL op-A 19th"]
[Site "Telford"]
[Date "2018.07.13"]
[Round "1"]
[White "Tombolis, Christopher"]
[Black "Clarke, Stuart"]
[Result "1/2-1/2"]
[WhiteElo "1894"]
[BlackElo "2225"]
[PlyCount "71"]
[EventDate "2018.07.13"]
[EventType "swiss"]
[EventRounds "5"]
[EventCountry "ENG"]
[SourceTitle "CBM 185 Extra"]
[Source "ChessBase"]
[SourceDate "2018.07.29"]
[SourceVersion "1"]
[SourceVersionDate "2018.07.29"]
[SourceQuality "1"]

1. e4 e6 2. d4 d5 3. Nd2 c5 4. exd5 Qxd5 5. Ngf3 cxd4 6. Bc4 Qd6 7. 0-0 Nf6 8. Nb3 Nc6 9. Nbxd4 Nxd4 10. Qxd4 Bd7 11. c3 Rc8 12. Bb3 Qxd4 13. Nxd4 Bc5 14. Rd1 h6 15. h3 0-0 16. Be3 a6 17. Nc2 Be7 18. Bd4 Bb5 19. Ne3 Ne4 20. a4 Bc6 21. Nc4 Bd5 22. Nd2 Nd6 23. Bxd5 exd5 24. Re1 Rc7 25. Bb6 Rd7 26. Bc5 Bf6 27. Nb3 Rc8 28. Bxd6 Rxd6 29. a5 d4 30. Nxd4 Bxd4 31. cxd4 Rc2 32. Re8+ Kh7 33. Rb1 Rxd4 34. b4 Rdd2 35. Rf1 Rb2 36. Re4 1/2-1/2

[Event "BCF-chT3N 1718 (4NCL)"]
[Site "England"]
[Date "2018.01.13"]
[Round "3.22"]
[White "Newton, Robert"]
[Black "Clarke, Stuart"]
[Result "0-1"]
[WhiteElo "1981"]
[BlackElo "2226"]
[PlyCount "84"]
[EventDate "2017.11.11"]
[EventType "team-swiss"]
[EventRounds "11"]
[EventCountry "ENG"]
[SourceTitle "EXT 2020"]
[Source "ChessBase"]
[SourceDate "2019.10.17"]
[SourceVersion "1"]
[SourceVersionDate "2019.10.17"]
[SourceQuality "1"]
[WhiteTeam "Manchester Manticores II"]
[BlackTeam "3CS Oldham II"]
[WhiteTeamCountry "ENG"]
[BlackTeamCountry "ENG"]

1. d4 e6 2. Nf3 Nf6 3. Bf4 b6 4. Nbd2 Bb7 5. e3 Be7 6. Bd3 Nh5 7. Bg3 d6 8. Qe2 Nd7 9. h4 Nxg3 10. fxg3 c5 11. c3 a6 12. g4 Qc7 13. g5 d5 14. e4 Qg3+ 15. Kf1 dxe4 16. Nxe4 Qf4 17. h5 0-0 18. Rh4 Qc7 19. Rg4 Rae8 20. Re1 cxd4 21. cxd4 Bb4 22. Rd1 Kh8 23. a3 Bd6 24. Bxa6 Bxa6 25. Qxa6 e5 26. Nxd6 Qxd6 27. Re4 Nc5 28. dxc5 Qxd1+ 29. Re1 Qd5 30. cxb6 e4 31. Nh2 Re6 32. Qa7 Qb5+ 33. Re2 Qxb6 34. Qxb6 Rxb6 35. Rxe4 Rxb2 36. Nf3 h6 37. Kg1 hxg5 38. Nxg5 Rb5 39. Rg4 Rf5 40. a4 Ra8 41. Kh2 Raa5 42. Nh3 Rxh5 0-1

[Event "BCF-chT3N 1718 (4NCL)"]
[Site "England"]
[Date "2017.11.12"]
[Round "2.41"]
[White "Bramson, Mike"]
[Black "Clarke, Stuart"]
[Result "1-0"]
[WhiteElo "1826"]
[BlackElo "2241"]
[PlyCount "57"]
[EventDate "2017.11.11"]
[EventType "team-swiss"]
[EventRounds "11"]
[EventCountry "ENG"]
[SourceTitle "EXT 2020"]
[Source "ChessBase"]
[SourceDate "2019.10.17"]
[SourceVersion "1"]
[SourceVersionDate "2019.10.17"]
[SourceQuality "1"]
[WhiteTeam "Bradford DCA Knights II"]
[BlackTeam "3CS Oldham II"]
[WhiteTeamCountry "ENG"]
[BlackTeamCountry "ENG"]

1. e4 e6 2. d4 d5 3. Nd2 c5 4. Ngf3 cxd4 5. Nxd4 Nc6 6. Nxc6 bxc6 7. Bd3 Nf6 8. e5 Nd7 9. Nf3 Be7 10. 0-0 c5 11. c3 a5 12. Re1 Ba6 13. Bf4 g5 14. Bg3 h5 15. h3 Bxd3 16. Qxd3 c4 17. Qc2 Nc5 18. Nd4 Qb6 19. Re2 Ne4 20. Rxe4 dxe4 21. Qxe4 Rc8 22. h4 gxh4 23. Bxh4 Bxh4 24. Qxh4 Qd8 25. Qg3 Kf8 26. Re1 Rg8 27. Qf4 Rg6 28. Re3 Qg5 29. Nxe6+ 1-0

[Event "BCF-chT3N 1718 (4NCL)"]
[Site "England"]
[Date "2017.11.11"]
[Round "1.41"]
[White "Clarke, Stuart"]
[Black "O'Neill, Paul Sean"]
[Result "1-0"]
[WhiteElo "2241"]
[BlackElo "1956"]
[PlyCount "59"]
[EventDate "2017.11.11"]
[EventType "team-swiss"]
[EventRounds "11"]
[EventCountry "ENG"]
[SourceTitle "EXT 2020"]
[Source "ChessBase"]
[SourceDate "2019.10.17"]
[SourceVersion "1"]
[SourceVersionDate "2019.10.17"]
[SourceQuality "1"]
[WhiteTeam "3CS Oldham II"]
[BlackTeam "Enniscorthy"]
[WhiteTeamCountry "ENG"]
[BlackTeamCountry "IRL"]

1. e4 e5 2. Nf3 Nc6 3. Bc4 Bc5 4. c3 Nf6 5. d3 h6 6. 0-0 0-0 7. b4 Bd6 8. Re1 Ne7 9. d4 Ng6 10. h4 Qe7 11. Bb3 c6 12. h5 Nxh5 13. Nbd2 Bc7 14. Nc4 exd4 15. Nxd4 Nhf4 16. Nf3 d6 17. Ne3 Be6 18. c4 Rad8 19. Bb2 Nh4 20. Nf5 Bxf5 21. exf5 Nxf3+ 22. Qxf3 Qg5 23. f6 g6 24. Re7 Ne6 25. Re1 Bb8 26. Bc1 Qh4 27. Re4 Qh5 28. Qxh5 gxh5 29. Bxh6 Rfe8 30. R4xe6 1-0

[Event "BCF-chT3N 1617 (4NCL)"]
[Site "England"]
[Date "2017.01.15"]
[Round "4.61"]
[White "Clarke, Stuart"]
[Black "Dean, Robert A"]
[Result "1-0"]
[WhiteElo "2243"]
[BlackElo "1839"]
[PlyCount "83"]
[EventDate "2016.11.26"]
[EventType "team-swiss"]
[EventRounds "11"]
[EventCountry "ENG"]
[SourceTitle "EXT 2019"]
[Source "ChessBase"]
[SourceDate "2018.10.10"]
[SourceVersion "1"]
[SourceVersionDate "2018.10.10"]
[SourceQuality "1"]
[WhiteTeam "3CS Oldham II"]
[BlackTeam "Bradford DCA Knights III"]
[WhiteTeamCountry "ENG"]
[BlackTeamCountry "ENG"]

1. e4 e6 2. d4 d5 3. Nd2 c5 4. exd5 Qxd5 5. Ngf3 cxd4 6. Bc4 Qd6 7. 0-0 Nf6 8. Nb3 Nc6 9. Nbxd4 Nxd4 10. Nxd4 a6 11. Re1 Qc7 12. Qe2 Bd6 13. Bg5 Bxh2+ 14. Kf1 0-0 15. Bd3 Bf4 16. Bxf6 gxf6 17. Qh5 f5 18. c3 Kh8 19. Nf3 Rg8 20. Rad1 b5 21. g3 Bxg3 22. Ng5 Rxg5 23. Qxg5 Be5 24. Bxf5 Bb7 25. Bxh7 Kxh7 26. Qh5+ Kg8 27. Rxe5 Qc4+ 28. Ke1 Qf4 29. Qg5+ Qxg5 30. Rxg5+ Kf8 31. Rc5 Be4 32. Rd7 Kg7 33. Rcc7 Bg6 34. Ra7 Rh8 35. Rxa6 Rh1+ 36. Kd2 Rb1 37. b3 Bh5 38. Raa7 Rd1+ 39. Kc2 Rf1 40. Rd2 Bg6+ 41. Kb2 Re1 42. Ka3 1-0

[Event "BCF-chT3Na 1516 (4NCL)"]
[Site "England"]
[Date "2016.03.19"]
[Round "7.66"]
[White "Hughes, Roy"]
[Black "Clarke, Stuart"]
[Result "0-1"]
[WhiteElo "2110"]
[BlackElo "1945"]
[PlyCount "104"]
[EventDate "2015.11.14"]
[EventType "team-swiss"]
[EventRounds "7"]
[EventCountry "ENG"]
[SourceTitle "EXT 2017"]
[Source "ChessBase"]
[SourceDate "2016.10.25"]
[SourceVersion "1"]
[SourceVersionDate "2016.10.25"]
[SourceQuality "1"]
[WhiteTeam "Broadland Bitterns"]
[BlackTeam "3CS Oldham II"]
[WhiteTeamCountry "ENG"]
[BlackTeamCountry "ENG"]

1. d4 e6 2. Bf4 Nf6 3. e3 b6 4. Nf3 Bb7 5. h3 Be7 6. Bd3 c5 7. Nbd2 d6 8. 0-0 0-0 9. Qe2 Nbd7 10. Rfd1 Qc7 11. Bh2 Rfe8 12. c3 Rad8 13. a4 Bc6 14. e4 Qb7 15. b4 Qa8 16. b5 Bb7 17. a5 Qc8 18. a6 Ba8 19. Rac1 Nf8 20. Bb1 Ng6 21. Ne1 Nd7 22. f4 Bf6 23. Nc4 Be7 24. Ne3 Nf6 25. d5 Bf8 26. c4 exd5 27. exd5 Ne7 28. Qf3 Nd7 29. Nd3 f5 30. Nf2 g6 31. g4 Nf6 32. Bg3 Bg7 33. Bh4 Rf8 34. Re1 Rde8 35. Re2 fxg4 36. hxg4 Nd7 37. Ne4 Be5 38. Bg5 Qc7 39. Qg3 Bd4 40. Qh4 Nxd5 41. cxd5 Bxd5 42. Be7 Ne5 43. fxe5 Qxe7 44. Qxe7 Rxe7 45. Nc3 Bf3 46. Ba2+ Kg7 47. Ree1 Rxe5 48. Ncd1 Bxg4 49. Kg2 Bf3+ 50. Kg3 Rg5+ 51. Kh3 Rh5+ 52. Kg3 Be5+ 0-1

[Event "BCF-chT3Na 1516 (4NCL)"]
[Site "England"]
[Date "2016.02.13"]
[Round "5.87"]
[White "Clarke, Stuart"]
[Black "Doran, Chris"]
[Result "1/2-1/2"]
[WhiteElo "1945"]
[BlackElo "1977"]
[PlyCount "37"]
[EventDate "2015.11.14"]
[EventType "team-swiss"]
[EventRounds "7"]
[EventCountry "ENG"]
[SourceTitle "EXT 2017"]
[Source "ChessBase"]
[SourceDate "2016.10.25"]
[SourceVersion "1"]
[SourceVersionDate "2016.10.25"]
[SourceQuality "1"]
[WhiteTeam "3CS Oldham II"]
[BlackTeam "Holmes Chapel"]
[WhiteTeamCountry "ENG"]
[BlackTeamCountry "ENG"]

1. e4 c5 2. c3 g6 3. d4 cxd4 4. cxd4 d5 5. Nc3 dxe4 6. Bc4 Nc6 7. Nge2 Nf6 8. Qb3 e6 9. d5 exd5 10. Nxd5 Nxd5 11. Bxd5 Qf6 12. Bd2 Bc5 13. 0-0 0-0 14. Bc3 Nd4 15. Qc4 Nxe2+ 16. Qxe2 Bd4 17. Bxd4 Qxd4 18. Rfd1 Qe5 19. Qxe4 1/2-1/2

[Event "BCF-chT3Na 1516 (4NCL)"]
[Site "England"]
[Date "2016.01.16"]
[Round "3.68"]
[White "Clarke, Stuart"]
[Black "Eagleton, Greg T"]
[Result "1/2-1/2"]
[WhiteElo "1945"]
[BlackElo "2087"]
[PlyCount "33"]
[EventDate "2015.11.14"]
[EventType "team-swiss"]
[EventRounds "7"]
[EventCountry "ENG"]
[SourceTitle "CBM 170 Extra"]
[Source "ChessBase"]
[SourceDate "2016.02.25"]
[SourceVersion "1"]
[SourceVersionDate "2016.02.25"]
[SourceQuality "1"]
[WhiteTeam "3CS Oldham II"]
[BlackTeam "Bradford DCA Knights"]
[WhiteTeamCountry "ENG"]
[BlackTeamCountry "ENG"]

1. e4 c5 2. c3 d5 3. exd5 Qxd5 4. d4 Nc6 5. Nf3 Nf6 6. Be2 e6 7. Na3 Qd8 8. Nc2 Be7 9. 0-0 0-0 10. Ne5 Qc7 11. Nxc6 Qxc6 12. Bf3 Qc7 13. Re1 Re8 14. Qe2 Rb8 15. dxc5 Bxc5 16. Bg5 Be7 17. Red1 1/2-1/2

[Event "BCF-chT 0304 (4NCL)"]
[Site "West Bromwich"]
[Date "2004.05.23"]
[Round "11.4"]
[White "Pert, Richard G"]
[Black "Clarke, Stuart"]
[Result "1-0"]
[WhiteElo "2424"]
[BlackElo "2310"]
[PlyCount "77"]
[EventDate "2003.10.18"]
[EventType "team"]
[EventRounds "11"]
[EventCountry "ENG"]
[SourceTitle "EXT 2005"]
[Source "ChessBase"]
[SourceDate "2004.11.15"]
[SourceVersion "1"]
[SourceVersionDate "2004.11.15"]
[SourceQuality "1"]
[WhiteTeam "BET"]
[BlackTeam "Numerica 3CS"]
[WhiteTeamCountry "ENG"]
[BlackTeamCountry "ENG"]

1. d4 d5 2. c4 e6 3. Nf3 Nf6 4. Nc3 Be7 5. Bf4 c6 6. e3 Nbd7 7. h3 0-0 8. Rc1 b6 9. Bd3 a6 10. cxd5 cxd5 11. 0-0 Bb7 12. Ne2 Ne8 13. a4 Bb4 14. Qb3 Bd6 15. Rc2 Qe7 16. Rfc1 f6 17. Bxd6 Qxd6 18. Ng3 Kh8 19. e4 Rd8 20. Rd2 Qf4 21. Re1 Nd6 22. Rde2 dxe4 23. Nxe4 Bd5 24. Qb4 Nxe4 25. Bxe4 a5 26. Qb5 Qd6 27. Bxd5 exd5 28. Re6 Qb4 29. Qxb4 axb4 30. Rd6 Kg8 31. Re7 Rf7 32. Rxf7 Kxf7 33. Rxd5 Ke6 34. Rb5 Rc8 35. Rxb4 Rc1+ 36. Kh2 Kd5 37. Rb5+ Kc4 38. b3+ Kc3 39. Rd5 1-0

[Event "BCF-chT 0304 (4NCL)"]
[Site "West Bromwich"]
[Date "2004.05.02"]
[Round "8.6"]
[White "Clarke, Stuart"]
[Black "Dearing, Eddie"]
[Result "1-0"]
[WhiteElo "2310"]
[BlackElo "2378"]
[PlyCount "69"]
[EventDate "2003.10.18"]
[EventType "team"]
[EventRounds "11"]
[EventCountry "ENG"]
[SourceTitle "EXT 2005"]
[Source "ChessBase"]
[SourceDate "2004.11.15"]
[SourceVersion "1"]
[SourceVersionDate "2004.11.15"]
[SourceQuality "1"]
[WhiteTeam "Numerica 3CS"]
[BlackTeam "Slough"]
[WhiteTeamCountry "ENG"]
[BlackTeamCountry "ENG"]

1. e4 c5 2. c3 Nf6 3. e5 Nd5 4. d4 cxd4 5. Nf3 e6 6. cxd4 d6 7. Bc4 Nc6 8. 0-0 Be7 9. Bd2 0-0 10. Re1 Nb6 11. Bb3 Bd7 12. Qe2 Rc8 13. h3 Re8 14. a3 a6 15. Ba2 Na4 16. Nc3 Nxc3 17. Bxc3 Qb6 18. Qd2 dxe5 19. dxe5 Red8 20. Qf4 Be8 21. Ng5 Nd4 22. Rac1 Nb5 23. Bd2 Rxc1 24. Bxc1 h6 25. Ne4 Nd4 26. Bb1 Bc6 27. Nf6+ Kh8 28. Nh5 Bf8 29. Qxf7 Qa5 30. b4 Qd5 31. Nf4 Ne2+ 32. Rxe2 Qd1+ 33. Kh2 Qxc1 34. Ng6+ Kh7 35. Ne7+ 1-0

[Event "BCF-chT 0304 (4NCL)"]
[Site "West Bromwich"]
[Date "2003.10.19"]
[Round "2.5"]
[White "Hinks Edwards, Thomas RJ"]
[Black "Clarke, Stuart"]
[Result "1-0"]
[WhiteElo "2357"]
[BlackElo "2310"]
[PlyCount "55"]
[EventDate "2003.10.18"]
[EventType "team"]
[EventRounds "11"]
[EventCountry "ENG"]
[SourceTitle "EXT 2005"]
[Source "ChessBase"]
[SourceDate "2004.11.15"]
[SourceVersion "1"]
[SourceVersionDate "2004.11.15"]
[SourceQuality "1"]
[WhiteTeam "Richmond"]
[BlackTeam "Numerica 3CS"]
[WhiteTeamCountry "ENG"]
[BlackTeamCountry "ENG"]

1. e4 e6 2. d4 d5 3. Nc3 Bb4 4. e5 c5 5. a3 Ba5 6. b4 cxd4 7. Nb5 Bc7 8. f4 Ne7 9. Nf3 Bd7 10. Nxc7+ Qxc7 11. Bd3 a6 12. 0-0 Nbc6 13. Qe1 Nf5 14. Bxf5 exf5 15. Bb2 Qb6 16. Qf2 0-0 17. Bxd4 Nxd4 18. Nxd4 Rac8 19. Qe3 Be6 20. c3 Rc4 21. g4 g6 22. gxf5 gxf5 23. Kh1 Kh8 24. Rg1 Rcc8 25. Qg3 Rg8 26. Qh4 Qd8 27. Rxg8+ Kxg8 28. Qh6 1-0

[Event "BCF-chT 0304 (4NCL)"]
[Site "West Bromwich"]
[Date "2003.10.18"]
[Round "1.3"]
[White "Clarke, Stuart"]
[Black "Woodward, Timothy"]
[Result "0-1"]
[WhiteElo "2310"]
[BlackElo "2336"]
[PlyCount "68"]
[EventDate "2003.10.18"]
[EventType "team"]
[EventRounds "11"]
[EventCountry "ENG"]
[SourceTitle "EXT 2005"]
[Source "ChessBase"]
[SourceDate "2004.11.15"]
[SourceVersion "1"]
[SourceVersionDate "2004.11.15"]
[SourceQuality "1"]
[WhiteTeam "Numerica 3CS"]
[BlackTeam "Barbican II"]
[WhiteTeamCountry "ENG"]
[BlackTeamCountry "ENG"]

1. e4 c6 2. d4 d5 3. exd5 cxd5 4. c4 Nf6 5. Nc3 e6 6. Nf3 Bb4 7. cxd5 Nxd5 8. Bd2 Nc6 9. Bd3 0-0 10. 0-0 Be7 11. Qe2 Nf6 12. Be3 Bd7 13. a3 Rc8 14. Rad1 a6 15. Bb1 Qa5 16. Qd3 g6 17. Ne5 Rfd8 18. Rfe1 Be8 19. Nf3 Rd7 20. Ba2 Rcd8 21. Qc4 b5 22. Qe2 Rd6 23. Bf4 Nxd4 24. Nxd4 Rxd4 25. Rxd4 Rxd4 26. Qe5 Rd7 27. Bg5 Qd8 28. h4 Ng4 29. Qf4 h5 30. g3 Bxg5 31. hxg5 Rd2 32. Ne4 Rd1 33. Rxd1 Qxd1+ 34. Kg2 Bc6 0-1

[Event "BCF-chT2 0203 (4NCL)"]
[Site "West Bromwich"]
[Date "2003.04.12"]
[Round "7.4"]
[White "Spice, Alan"]
[Black "Clarke, Stuart"]
[Result "1/2-1/2"]
[WhiteElo "2163"]
[BlackElo "2287"]
[PlyCount "60"]
[EventDate "2002.11.??"]
[EventType "team"]
[EventRounds "11"]
[EventCountry "ENG"]
[SourceTitle "EXT 2004"]
[Source "ChessBase"]
[SourceDate "2003.11.25"]
[SourceVersion "1"]
[SourceVersionDate "2003.11.25"]
[SourceQuality "1"]
[WhiteTeam "SW Dragons II"]
[BlackTeam "Numerica 3CS"]
[WhiteTeamCountry "ENG"]
[BlackTeamCountry "ENG"]

1. Nc3 e6 2. e4 d5 3. exd5 exd5 4. d4 c6 5. Bd3 Bd6 6. Nf3 Bg4 7. 0-0 Ne7 8. Kh1 Nd7 9. Bg5 0-0 10. Bh4 f6 11. Bg3 Qc7 12. Re1 Rfe8 13. Bxd6 Qxd6 14. Re3 Nf8 15. Qd2 Nf5 16. Bxf5 Bxf5 17. Rae1 Bd7 18. a3 Re6 19. Rxe6 Nxe6 20. Re3 Re8 21. Ne2 b6 22. Nh4 Nc7 23. Rxe8+ Nxe8 24. Qe3 Qe6 25. Qxe6+ Bxe6 26. Nf4 Kf7 27. Nd3 Nd6 28. h3 a5 29. g4 Bc8 30. Ng2 Ba6 1/2-1/2

[Event "BCF-chT2 0203 (4NCL)"]
[Site "West Bromwich"]
[Date "2003.01.18"]
[Round "3.3"]
[White "Clarke, Stuart"]
[Black "Quinn, John M"]
[Result "1-0"]
[WhiteElo "2287"]
[BlackElo "2196"]
[PlyCount "115"]
[EventDate "2002.11.??"]
[EventType "team"]
[EventRounds "11"]
[EventCountry "ENG"]
[SourceTitle "EXT 2004"]
[Source "ChessBase"]
[SourceDate "2003.11.25"]
[SourceVersion "1"]
[SourceVersionDate "2003.11.25"]
[SourceQuality "1"]
[WhiteTeam "Numerica 3CS"]
[BlackTeam "Athenaeum"]
[WhiteTeamCountry "ENG"]
[BlackTeamCountry "ENG"]

1. e4 c5 2. c3 d5 3. exd5 Qxd5 4. d4 Nf6 5. Nf3 g6 6. Na3 Bg7 7. Nb5 Na6 8. Be3 cxd4 9. Qxd4 Qxd4 10. Bxd4 b6 11. Bc4 Bb7 12. Ne5 0-0 13. 0-0 Nd5 14. Rfe1 Rfd8 15. Rad1 f6 16. Ng4 e5 17. Bxe5 fxe5 18. Ne3 Kh8 19. Bxd5 Bxd5 20. Nxd5 Rd7 21. Ne3 Rf7 22. Ng4 Re7 23. Nd6 Rf8 24. f3 h5 25. Nf2 Nc7 26. Nde4 Bh6 27. Rd3 Ne6 28. Red1 Kg7 29. Rd7 Rff7 30. Rxe7 Rxe7 31. Rd5 Nc7 32. Rd3 Ne6 33. Kf1 Bc1 34. b3 Ba3 35. Rd1 Nc7 36. Ke2 Ne6 37. g3 a5 38. Nd3 Nc7 39. Ne1 Rf7 40. Nc2 Bf8 41. Ne3 b5 42. Ng5 Re7 43. Nd5 Nxd5 44. Rxd5 b4 45. c4 a4 46. bxa4 Ra7 47. Ne6+ Kf7 48. Nxf8 Rxa4 49. Nd7 Rxa2+ 50. Ke3 b3 51. Nxe5+ Kf6 52. Rb5 Rxh2 53. Nd3 Rg2 54. Rxb3 Rxg3 55. c5 Ke6 56. c6 Kd6 57. Rc3 Kc7 58. Nf4 1-0

[Event "BCF-chT2 0203 (4NCL)"]
[Site "West Bromwich"]
[Date "2002.11.23"]
[Round "1.3"]
[White "Ozeren, Kemal"]
[Black "Clarke, Stuart"]
[Result "1-0"]
[WhiteElo "2227"]
[BlackElo "2287"]
[PlyCount "119"]
[EventDate "2002.11.??"]
[EventType "team"]
[EventRounds "11"]
[EventCountry "ENG"]
[SourceTitle "EXT 2004"]
[Source "ChessBase"]
[SourceDate "2003.11.25"]
[SourceVersion "1"]
[SourceVersionDate "2003.11.25"]
[SourceQuality "1"]
[WhiteTeam "Barbican III"]
[BlackTeam "Numerica 3CS"]
[WhiteTeamCountry "ENG"]
[BlackTeamCountry "ENG"]

1. d4 e6 2. Nf3 Nf6 3. e3 d5 4. Bd3 Be7 5. 0-0 Nbd7 6. c4 0-0 7. Nc3 dxc4 8. Bxc4 c5 9. Qe2 a6 10. a4 b6 11. Rd1 Bb7 12. b3 cxd4 13. Nxd4 Qc7 14. e4 Ne5 15. Bf4 Qc5 16. Be3 Nxc4 17. bxc4 Qc7 18. f3 Rac8 19. Rab1 Rfd8 20. Rb2 Nd7 21. Rc1 Qxc4 22. Qf2 Ba3 23. Nce2 Qxa4 24. Ra1 b5 25. Rba2 b4 26. Bd2 a5 27. Nc3 bxc3 28. Rxa3 Qb4 29. Nc2 Qb2 30. Bc1 Qb6 31. Qxb6 Nxb6 32. Rb3 Rd1+ 33. Kf2 Rc6 34. Rab1 Bc8 35. Rxb6 Rxb6 36. Rxb6 Rxc1 37. Ne3 c2 38. Rd6 g6 39. Rd8+ Kg7 40. Rxc8 Rh1 41. Rxc2 Rxh2 42. Ra2 Rh5 43. Nc4 Rc5 44. Nxa5 h5 45. Nb3 Rc3 46. Nd2 e5 47. Nf1 Rb3 48. Ne3 Rb5 49. Rd2 Rb3 50. Rd5 Rb2+ 51. Kg3 f6 52. Rd7+ Kh6 53. Nd5 Kg5 54. Rd6 Rd2 55. Rxf6 Rxd5 56. Rxg6+ Kxg6 57. exd5 Kg5 58. d6 Kf6 59. Kh4 Ke6 60. Kxh5 1-0

[Event "BCF-chT2 0102 (4NCL)"]
[Site "Birmingham"]
[Date "2002.01.19"]
[Round "5.2"]
[White "Swanson, Stephen"]
[Black "Clarke, Stuart"]
[Result "0-1"]
[WhiteElo "2271"]
[BlackElo "2290"]
[PlyCount "66"]
[EventDate "2001.09.22"]
[EventType "team"]
[EventRounds "11"]
[EventCountry "ENG"]
[SourceTitle "EXT 2003"]
[Source "ChessBase"]
[SourceDate "2002.11.25"]
[SourceVersion "1"]
[SourceVersionDate "2002.11.25"]
[SourceQuality "1"]
[WhiteTeam "Poisoned Pawns"]
[BlackTeam "Numerica 3CS"]
[WhiteTeamCountry "ENG"]
[BlackTeamCountry "ENG"]

1. e4 e6 2. d4 d5 3. e5 c5 4. c3 Qb6 5. Nf3 Nc6 6. a3 Nh6 7. Bd3 cxd4 8. 0-0 Be7 9. cxd4 Nf5 10. Bxf5 exf5 11. Nc3 Be6 12. b4 0-0 13. Qd3 Rac8 14. Be3 h6 15. Rfc1 g5 16. g3 Qd8 17. h4 f6 18. exf6 Bxf6 19. hxg5 hxg5 20. Re1 Re8 21. Rad1 Rc7 22. b5 Na5 23. Ne5 Qd6 24. Na4 Nc4 25. Nxc4 dxc4 26. Qc2 Rh7 27. Bxg5 Qd5 28. Re4 fxe4 29. Bxf6 Qf5 30. Bh4 Qf3 31. Kh2 Rxh4+ 32. gxh4 Qh3+ 33. Kg1 Re7 0-1